| 000 | 00734nam a22002417a 4500 | ||
|---|---|---|---|
| 001 | 3555 | ||
| 003 | FISKH | ||
| 005 | 20240320104319.0 | ||
| 008 | 240320b cb ||||| |||| 00| 0 eng d | ||
| 040 |
_aFISK _beng _cFISK _dFISK |
||
| 050 | _aPZ7.L5215 | ||
| 082 | _a813.5 | ||
| 100 |
_aK. Le Guin Ursula _d1929-2018 |
||
| 245 |
_aWonderful alexander and the catwings / _cUrsula K. Le Guin |
||
| 260 |
_aNew York : _bOrchard Books, _c2006 |
||
| 300 |
_a47 pages : _c18 cm |
||
| 505 | _aL | ||
| 520 | _aAfter being rescued by a flying cat, Alexander the cat decides to make good on a promise to do wonderful things. | ||
| 521 | 8 |
_a620 _bLexile |
|
| 700 | _a Ursula K. Le Guin | ||
| 942 |
_2ddc _cBK _n0 |
||
| 999 |
_c3555 _d3555 |
||